[Event "18th American Continental"]
[Site "Foz do Iguacu BRA"]
[Date "2025.05.24"]
[Round "2.95"]
[White "Cella, Glaucio Dalla Cortt"]
[Black "Mereles Riquelme, Mauricio"]
[Result "1-0"]
[WhiteElo "1936"]
[BlackElo "1615"]
[WhiteFideId "2119455"]
[BlackFideId "3708322"]
[EventDate "2025.05.23"]

1. e4 c5 2. Nf3 Nc6 3. c3 Nf6 4. e5 Nd5 5. d4 cxd4 6. cxd4 d6 7. exd6 Qxd6 8.
Nc3 a6 9. Bd3 g6 10. O-O Bg7 11. Be4 Nf6 12. Bxc6+ Qxc6 13. Re1 Nd5 14. Bg5 f6
15. Bd2 Bg4 16. Rc1 O-O 17. Nxd5 Qxd5 18. Rxe7 Bxf3 19. Rcc7 Rf7 20. Qxf3 Qxf3
21. gxf3 Rxe7 22. Rxe7 Rd8 23. Rxb7 Rxd4 24. Bc3 Rd6 25. a4 Rd8 26. Rb6 f5 27.
Bxg7 Kxg7 28. a5 Rd5 29. b4 Rd4 30. Kg2 1-0

[Event "18th American Continental"]
[Site "Foz do Iguacu BRA"]
[Date "2025.05.24"]
[Round "3.1"]
[White "Schnaider, Ilan"]
[Black "Shankland, Sam"]
[Result "0-1"]
[WhiteTitle "IM"]
[BlackTitle "GM"]
[WhiteElo "2388"]
[BlackElo "2666"]
[WhiteFideId "169013"]
[BlackFideId "2004887"]
[EventDate "2025.05.23"]

1. e4 c5 2. Nf3 d6 3. Bb5+ Nd7 4. O-O a6 5. Bxd7+ Bxd7 6. c3 e6 7. d4 cxd4 8.
cxd4 Ne7 9. Nc3 Ng6 10. g3 Be7 11. h4 O-O 12. h5 Nh8 13. h6 g5 14. e5 dxe5 15.
dxe5 Ng6 16. Bxg5 Bxg5 17. Nxg5 Qxg5 18. Qxd7 Nxe5 19. Qxb7 Rab8 20. Qe4 Rxb2
21. Rab1 Rxb1 22. Rxb1 Ng4 23. Rb4 Nxh6 24. Kg2 Rc8 25. Ne2 a5 26. Rd4 Nf5 27.
Qb7 Rd8 28. Rxd8+ Qxd8 29. Nf4 Ne7 30. Kh2 Nd5 31. Nd3 Kg7 32. Qb5 h5 33. Qc5
Nf6 34. Nf4 Kh6 35. Kh3 Nd5 36. Nd3 Qf6 37. Kg2 Qf5 38. Qd4 Kh7 39. a3 Kg8 40.
Ne1 Nf6 41. Nf3 Ng4 42. Qd8+ Kg7 43. Qd4+ e5 44. Qc5 a4 45. Qc4 Qd7 46. Qc1 Qf5
47. Qc5 Qe4 48. Qe7 Qg6 49. Nd2 Qf5 50. Nf3 e4 51. Qg5+ Qg6 52. Qxg6+ Kxg6 53.
Nd2 Nf6 54. Kf1 Kf5 55. Nc4 Nd5 56. Ke2 Ke6 57. Nb2 Nb6 58. Nd1 Kd5 59. Nc3+ Kd4
60. Nb5+ Kc5 61. Nc3 f5 62. f3 Kc4 63. Nd1 Nd5 64. fxe4 fxe4 65. Nf2 e3 66. Nd3
Kd4 67. Nb2 Nc3+ 68. Ke1 Ke4 69. Kf1 Kf3 70. Nc4 e2+ 71. Ke1 Kxg3 0-1

[Event "18th American Continental"]
[Site "Foz do Iguacu BRA"]
[Date "2025.05.24"]
[Round "3.2"]
[White "Oparin, Grigoriy"]
[Black "Perez Gormaz, Matias"]
[Result "1-0"]
[WhiteTitle "GM"]
[BlackTitle "IM"]
[WhiteElo "2660"]
[BlackElo "2408"]
[WhiteFideId "24125890"]
[BlackFideId "3406342"]
[EventDate "2025.05.23"]

1. Nf3 Nf6 2. c4 b6 3. g3 Bb7 4. Bg2 g6 5. d4 Bg7 6. d5 Na6 7. Nc3 Nc5 8. O-O
O-O 9. Qc2 c6 10. Rd1 cxd5 11. cxd5 Rc8 12. Nd4 a6 13. a4 Qe8 14. e4 e5 15. Nde2
a5 16. Nb5 Qe7 17. Nec3 Ba6 18. d6 Qd8 19. Be3 Bxb5 20. axb5 Ne8 21. Na4 Ne6 22.
Qe2 Rb8 23. Rac1 Kh8 24. f4 exf4 25. gxf4 f5 26. e5 g5 27. Qf2 gxf4 28. Bxf4 Rg8
29. Kh1 Nxf4 30. Qxf4 Bf8 31. Bd5 Rg5 32. Rg1 Bh6 33. Rxg5 Bxg5 34. Rg1 1-0

[Event "18th American Continental"]
[Site "Foz do Iguacu BRA"]
[Date "2025.05.24"]
[Round "3.4"]
[White "Henriquez Villagra, Cristobal"]
[Black "Lima, Darcy"]
[Result "0-1"]
[WhiteTitle "GM"]
[BlackTitle "GM"]
[WhiteElo "2597"]
[BlackElo "2380"]
[WhiteFideId "3409350"]
[BlackFideId "2100045"]
[EventDate "2025.05.23"]

1. e4 d6 2. d4 Nf6 3. Nc3 g6 4. f4 Bg7 5. Nf3 c5 6. dxc5 Qa5 7. Qe2 Qxc5 8. Be3
Qa5 9. Qb5+ Qxb5 10. Bxb5+ Nc6 11. O-O-O Bg4 12. Nd5 Nxd5 13. exd5 Bxf3 14. gxf3
a6 15. Ba4 b5 16. dxc6 bxa4 17. Bb6 Rc8 18. c7 Kd7 19. Rhe1 Kc6 20. Ba5 e6 21.
Re4 Kb5 22. Be1 a3 23. Rxd6 Bxb2+ 24. Kd2 Rxc7 25. Kd3 a5 26. c3 Kc5 27. Red4
Rhc8 28. Ra6 Kb5 29. Rdd6 Bxc3 30. Bf2 Bb4 31. Rdb6+ Ka4 32. Rxb4+ Kxb4 33. Be1+
Rc3+ 34. Bxc3+ Rxc3+ 35. Kd4 Rxf3 36. Rb6+ Ka4 37. Rb1 Rf2 38. Ra1 Rxh2 0-1

[Event "18th American Continental"]
[Site "Foz do Iguacu BRA"]
[Date "2025.05.24"]
[Round "3.5"]
[White "Filgueiras, Nathan Felipe"]
[Black "Mareco, Sandro"]
[Result "1-0"]
[WhiteTitle "IM"]
[BlackTitle "GM"]
[WhiteElo "2370"]
[BlackElo "2585"]
[WhiteFideId "2188562"]
[BlackFideId "112275"]
[EventDate "2025.05.23"]

1. e4 c5 2. Nf3 d6 3. d4 cxd4 4. Nxd4 Nf6 5. Nc3 a6 6. Nb3 Nc6 7. Be3 e6 8. g4
h6 9. Qe2 b5 10. Bg2 Bb7 11. O-O-O Qc7 12. f4 Be7 13. h4 h5 14. gxh5 Nxh5 15.
Qf2 Nf6 16. Bf3 Nd7 17. Qg2 Rh7 18. e5 dxe5 19. f5 O-O-O 20. fxe6 fxe6 21. Qg4
Kb8 22. Qxe6 Nf8 23. Qg4 Qc8 24. Rxd8 Nxd8 25. Qg3 Bxf3 26. Qxf3 Nc6 27. Nd5
Rxh4 28. Rxh4 Bxh4 29. Nb6 1-0

[Event "18th American Continental"]
[Site "Foz do Iguacu BRA"]
[Date "2025.05.24"]
[Round "3.6"]
[White "Jacobson, Brandon"]
[Black "Ticona Rocabado, Licael Roderick"]
[Result "1-0"]
[WhiteTitle "GM"]
[BlackTitle "IM"]
[WhiteElo "2582"]
[BlackElo "2359"]
[WhiteFideId "30901561"]
[BlackFideId "3319113"]
[EventDate "2025.05.23"]

1. d4 d5 2. c4 e6 3. Nf3 Nf6 4. g3 Be7 5. Bg2 O-O 6. O-O c6 7. Qc2 b6 8. Rd1 Bb7
9. b3 Nbd7 10. Nc3 Qc7 11. Bf4 Bd6 12. Bxd6 Qxd6 13. e4 Qe7 14. e5 Ne8 15. cxd5
cxd5 16. Bf1 Rc8 17. Bd3 g6 18. Rac1 Nc7 19. Qe2 Nb8 20. Qe3 Kg7 21. h4 Ba6 22.
h5 h6 23. Bb1 Nb5 24. Nxb5 Bxb5 25. hxg6 fxg6 26. Nh4 Rxc1 27. Rxc1 Be8 28. Qd3
Qf7 29. f4 Nc6 30. Nxg6 Rg8 31. Qd1 Ne7 32. Rc7 Nxg6 33. Rxf7+ Bxf7 34. Qc2 Kf8
35. Qc8+ Kg7 36. Qd7 Re8 37. f5 exf5 38. Bxf5 a5 39. e6 Re7 40. Bxg6 1-0

[Event "18th American Continental"]
[Site "Foz do Iguacu BRA"]
[Date "2025.05.24"]
[Round "3.7"]
[White "Umetsubo, Cesar Hidemitsu"]
[Black "Hong, Andrew"]
[Result "0-1"]
[WhiteTitle "IM"]
[BlackTitle "GM"]
[WhiteElo "2359"]
[BlackElo "2579"]
[WhiteFideId "2103400"]
[BlackFideId "2099438"]
[EventDate "2025.05.23"]

1. d4 Nf6 2. c4 e6 3. Nc3 Bb4 4. Qc2 O-O 5. a3 Bxc3+ 6. Qxc3 b6 7. Bg5 c5 8. Nf3
Bb7 9. Rd1 Ne4 10. Qc1 Nxg5 11. Qxg5 Bxf3 12. Qxd8 Rxd8 13. gxf3 cxd4 14. Rxd4
Nc6 15. Rd3 Ne5 16. Rc3 Rac8 17. b3 d5 18. f4 Nd7 19. e3 b5 20. Rc2 Rc7 21. c5
Nxc5 22. b4 Na6 23. Kd2 Rxc2+ 24. Kxc2 Nc7 25. Bd3 Rd6 26. Kc3 Kf8 27. h4 h5 28.
Kd4 Rc6 29. f3 Ke7 30. e4 a6 31. e5 g6 32. Ra1 Kd8 33. Rb1 Kc8 34. Rb2 Kb7 35.
Rc2 Na8 36. f5 exf5 37. Kxd5 Nc7+ 38. Kd4 Ne6+ 39. Ke3 Nc7 40. Kd4 Re6 41. Be2
Re7 42. f4 Rd7+ 43. Ke3 Nd5+ 44. Kf3 Ne7 45. a4 Nc6 46. Kf2 Nxb4 47. Rb2 Rd4 48.
Bf3+ Kb6 49. Ke3 Kc5 50. axb5 axb5 51. Rg2 Rd3+ 52. Ke2 Kd4 53. Bb7 Re3+ 54. Kd2
Nd3 0-1

[Event "18th American Continental"]
[Site "Foz do Iguacu BRA"]
[Date "2025.05.24"]
[Round "3.8"]
[White "Bachmann, Axel"]
[Black "Rojas Salas, Steven"]
[Result "1/2-1/2"]
[WhiteTitle "GM"]
[BlackTitle "IM"]
[WhiteElo "2570"]
[BlackElo "2343"]
[WhiteFideId "3700488"]
[BlackFideId "3819434"]
[EventDate "2025.05.23"]

1. Nf3 d5 2. g3 c5 3. Bg2 Nf6 4. O-O g6 5. d4 cxd4 6. Nxd4 Bg7 7. Nb3 O-O 8. Nc3
e6 9. e4 Nc6 10. exd5 Nxd5 11. Ne4 Ne5 12. Bg5 Qc7 13. Qc1 f5 14. Nec5 a5 15. a4
b6 16. c4 Nb4 17. Bxa8 bxc5 18. Bf4 Nbd3 19. Bxe5 Nxe5 20. Bg2 Bb7 21. Qe3 Bxg2
22. Kxg2 Qc6+ 23. f3 Nxc4 24. Qe2 Nxb2 25. Nxa5 Qd5 26. Qb5 Rc8 27. Qa6 Ra8 28.
Qb6 Qd2+ 29. Rf2 Qxa5 30. Qxe6+ Kh8 31. Rb1 Qa6 32. Qd5 Re8 33. Rbxb2 1/2-1/2

[Event "18th American Continental"]
[Site "Foz do Iguacu BRA"]
[Date "2025.05.24"]
[Round "3.9"]
[White "Campos Gomez, Manuel"]
[Black "Supi, Luis Paulo"]
[Result "1/2-1/2"]
[WhiteTitle "IM"]
[BlackTitle "GM"]
[WhiteElo "2355"]
[BlackElo "2566"]
[WhiteFideId "4444710"]
[BlackFideId "2106388"]
[EventDate "2025.05.23"]

1. Nf3 Nf6 2. c4 e6 3. g3 d5 4. Bg2 d4 5. O-O c5 6. e3 Nc6 7. exd4 cxd4 8. d3 h6
9. Na3 Bc5 10. Nc2 a5 11. Qe2 Nd7 12. b3 O-O 13. a3 e5 14. Bd2 Be7 15. b4 Bf6
16. h3 Re8 17. Nh2 Bg5 18. Bxg5 hxg5 19. Qd2 f6 1/2-1/2

[Event "18th American Continental"]
[Site "Foz do Iguacu BRA"]
[Date "2025.05.24"]
[Round "3.10"]
[White "Fier, Alexandr"]
[Black "Casalaspro, Mathias Andre"]
[Result "1-0"]
[WhiteTitle "GM"]
[BlackTitle "FM"]
[WhiteElo "2556"]
[BlackElo "2319"]
[WhiteFideId "2107139"]
[BlackFideId "22772626"]
[EventDate "2025.05.23"]

1. e4 e5 2. Nf3 Nc6 3. Bb5 a6 4. Ba4 Nf6 5. O-O d6 6. Re1 Bd7 7. Bxc6 Bxc6 8. d4
Be7 9. Nc3 O-O 10. dxe5 dxe5 11. Qxd8 Raxd8 12. Nxe5 Bxe4 13. Nxe4 Nxe4 14. Nd3
f5 15. f3 Bc5+ 16. Nxc5 Nxc5 17. Bg5 Rd5 18. Be7 Re8 19. c4 Kf7 20. cxd5 Rxe7
21. Rac1 1-0

[Event "18th American Continental"]
[Site "Foz do Iguacu BRA"]
[Date "2025.05.24"]
[Round "3.11"]
[White "Marrujo Pardo, Mauricio Emmanuel"]
[Black "Quesada Perez, Luis Ernesto"]
[Result "1/2-1/2"]
[WhiteTitle "FM"]
[BlackTitle "GM"]
[WhiteElo "2349"]
[BlackElo "2546"]
[WhiteFideId "3943755"]
[BlackFideId "3520773"]
[EventDate "2025.05.23"]

1. e4 c5 2. Nf3 e6 3. d4 cxd4 4. Nxd4 Nc6 5. Nxc6 bxc6 6. Bf4 Nf6 7. Nd2 d5 8.
Bd3 Be7 9. O-O Nd7 10. Re1 O-O 11. e5 Nc5 12. Bxh7+ Kxh7 13. Qh5+ Kg8 14. Re3 f5
15. Rh3 Rb8 16. Qh7+ Kf7 17. Rg3 Ke8 18. Rxg7 Kd7 19. Be3 Ne4 20. Nb3 f4 21.
Bxa7 Rb7 22. Nc5+ Nxc5 23. Bxc5 Re8 24. h4 Rb5 25. Bxe7 Rxe7 26. h5 Rb8 27. Rd1 1/2-1/2

[Event "18th American Continental"]
[Site "Foz do Iguacu BRA"]
[Date "2025.05.24"]
[Round "3.12"]
[White "Tomiello, Lucas Costamilan"]
[Black "Garcia Pantoja, Roberto"]
[Result "0-1"]
[WhiteTitle "FM"]
[BlackTitle "GM"]
[WhiteElo "2308"]
[BlackElo "2531"]
[WhiteFideId "22701940"]
[BlackFideId "3509265"]
[EventDate "2025.05.23"]

1. e4 c5 2. Nf3 d6 3. d4 cxd4 4. Nxd4 Nf6 5. Nc3 a6 6. Be2 e5 7. Nb3 Be7 8. Be3
Be6 9. Nd5 Nbd7 10. Qd3 Bxd5 11. exd5 Rc8 12. c4 O-O 13. O-O b6 14. Rac1 a5 15.
Rfd1 g6 16. Bh6 Re8 17. Nd2 Bf8 18. Bxf8 Rxf8 19. b3 Ne8 20. a3 f5 21. b4 Nef6
22. Qb3 Ra8 23. Nb1 e4 24. Nc3 f4 25. Nb5 axb4 26. axb4 f3 27. gxf3 Nh5 28. Nxd6
exf3 29. Bf1 Ne5 30. c5 Qg5+ 31. Kh1 Ng4 0-1

[Event "18th American Continental"]
[Site "Foz do Iguacu BRA"]
[Date "2025.05.24"]
[Round "3.13"]
[White "Cardoso Cardoso, Jose Gabriel"]
[Black "Piccoli, Lucas Fonseca"]
[Result "1-0"]
[WhiteTitle "GM"]
[WhiteElo "2516"]
[BlackElo "2284"]
[WhiteFideId "4430492"]
[BlackFideId "2190788"]
[EventDate "2025.05.23"]

1. d4 Nf6 2. c4 e6 3. Nc3 Bb4 4. e3 O-O 5. a3 Bxc3+ 6. bxc3 c5 7. Bd3 Nc6 8. Rb1
h6 9. Ne2 b6 10. e4 Ba6 11. O-O Na5 12. e5 Nh7 13. f4 Bxc4 14. f5 exf5 15. Ng3
Bxd3 16. Qxd3 c4 17. Qxf5 Nb3 18. Be3 Rc8 19. Qg4 Rc6 20. d5 Rg6 21. Qxc4 Na5
22. Qd3 Nb7 23. Rxf7 Kxf7 24. Rf1+ Nf6 25. e6+ dxe6 26. dxe6+ Kxe6 27. Qxg6 Qc7
28. Re1 Kd5 29. Qf5+ Kc6 30. Bf4 Nd6 31. Bxd6 1-0

[Event "18th American Continental"]
[Site "Foz do Iguacu BRA"]
[Date "2025.05.24"]
[Round "3.14"]
[White "Ribeiro, Matheus Mendes Domingues"]
[Black "Quintiliano, Renato R."]
[Result "1/2-1/2"]
[WhiteTitle "FM"]
[BlackTitle "GM"]
[WhiteElo "2294"]
[BlackElo "2511"]
[WhiteFideId "324226923"]
[BlackFideId "2117568"]
[EventDate "2025.05.23"]

1. Nf3 Nf6 2. g3 g6 3. Bg2 Bg7 4. c4 O-O 5. O-O d6 6. d4 Nbd7 7. Nc3 e5 8. h3
Re8 9. b3 c6 10. dxe5 dxe5 11. Ng5 Qc7 12. Be3 Nf8 13. Qc1 h6 14. Nf3 Kh7 15.
Rd1 Be6 16. Qa3 N8d7 17. Rac1 Bf8 18. Qb2 Qa5 19. a4 Qb4 20. Nd2 Qa3 21. Qc2
Red8 22. g4 Bc5 23. Bxc5 Qxc5 24. Nde4 Nxe4 25. Nxe4 Qe7 26. Nd6 Nc5 27. Ne4 a5
28. Rxd8 Rxd8 29. Rd1 Rxd1+ 30. Qxd1 Nxe4 31. Bxe4 h5 32. e3 Qh4 33. Bf3 Qxh3
34. gxh5 g5 35. Bg2 Qg4 36. Qd6 Qxh5 1/2-1/2

[Event "18th American Continental"]
[Site "Foz do Iguacu BRA"]
[Date "2025.05.24"]
[Round "3.31"]
[White "Valdes Escobar, Alvaro"]
[Black "Mayeregger, Arnold"]
[Result "1/2-1/2"]
[WhiteTitle "IM"]
[WhiteElo "2317"]
[BlackElo "2122"]
[WhiteFideId "3405451"]
[BlackFideId "3705226"]
[EventDate "2025.05.23"]

1. c4 e5 2. Nc3 Nf6 3. Nf3 d6 4. d4 e4 5. Nd2 Qe7 6. e3 g6 7. Be2 h5 8. b4 Bg7
9. a4 Bf5 10. Ba3 Nbd7 11. b5 Bh6 12. c5 O-O 13. cxd6 cxd6 14. Nc4 Ne8 15. O-O
Nb6 16. Rc1 Nxc4 17. Bxc4 Nf6 18. Nd5 Nxd5 19. Bxd5 h4 20. Qd2 Rfe8 21. Rfe1
Rad8 22. Bc4 Qd7 1/2-1/2

[Event "18th American Continental"]
[Site "Foz do Iguacu BRA"]
[Date "2025.05.24"]
[Round "3.32"]
[White "Buganca, Luiz Henrique Da Silva"]
[Black "Caceres Benitez, Arturo Eduardo"]
[Result "1/2-1/2"]
[WhiteTitle "CM"]
[BlackTitle "FM"]
[WhiteElo "2114"]
[BlackElo "2313"]
[WhiteFideId "2182289"]
[BlackFideId "3710769"]
[EventDate "2025.05.23"]

1. Nf3 c5 2. g3 b6 3. Bg2 Bb7 4. O-O g6 5. c4 Bg7 6. d3 e6 7. Nc3 Ne7 8. Bg5 O-O
9. Qc1 f6 10. Bh6 e5 11. Bxg7 Kxg7 12. e3 d5 13. cxd5 Nxd5 14. d4 Nxc3 15. Qxc3
cxd4 16. exd4 e4 17. Nd2 Nc6 18. d5 Qxd5 19. Bxe4 Qd7 20. Rad1 Nd4 21. Qd3 Bxe4
22. Nxe4 Rad8 23. Nc3 Rfe8 24. Rfe1 Qc6 25. Rxe8 Qxe8 26. Kg2 Ne6 27. Qe4 Rxd1
28. Nxd1 Qd7 29. Ne3 Ng5 30. Qd5 Qh3+ 31. Kg1 Qc8 32. h4 Qc1+ 33. Kg2 Nf7 34. b4
Qb2 35. b5 Qe2 36. Qc4 Qd2 37. Nd5 h6 38. Nf4 Ne5 39. Qc7+ Qd7 40. Qxd7+ Nxd7
41. Ne6+ Kf7 42. Nd8+ Ke7 43. Nc6+ Kd6 44. Nxa7 Kc5 45. Nc8 Kxb5 46. Ne7 Kb4 47.
Nxg6 Ka3 48. Ne7 Kxa2 49. Nd5 Kb3 50. Kf3 Kc4 1/2-1/2

[Event "18th American Continental"]
[Site "Foz do Iguacu BRA"]
[Date "2025.05.24"]
[Round "3.33"]
[White "Souza Neves, Andrey M."]
[Black "Reyes Zavaleta, Fabian Ricardo"]
[Result "1/2-1/2"]
[WhiteTitle "FM"]
[BlackTitle "FM"]
[WhiteElo "2138"]
[BlackElo "2299"]
[WhiteFideId "2101815"]
[BlackFideId "3844153"]
[EventDate "2025.05.23"]

1. e4 c5 2. Nf3 d6 3. Bb5+ Bd7 4. Bxd7+ Qxd7 5. c4 Nf6 6. Nc3 Nc6 7. d4 cxd4 8.
Nxd4 g6 9. f3 Bg7 10. Be3 O-O 11. O-O a6 12. Qd3 Rab8 13. Nxc6 bxc6 14. b3 Qc7
15. Rac1 Nd7 16. f4 Qa5 17. Na4 Rfd8 18. Qe2 Qc7 19. c5 Nxc5 20. Nxc5 dxc5 21.
e5 e6 22. Bxc5 Bf8 23. Bxf8 Kxf8 24. Rc2 Qb6+ 25. Qf2 Rd4 26. Rxc6 Qxc6 27. Qxd4
Kg7 28. h4 Qc2 29. Qd6 Rb5 30. Rd1 Ra5 1/2-1/2

[Event "18th American Continental"]
[Site "Foz do Iguacu BRA"]
[Date "2025.05.24"]
[Round "3.34"]
[White "Menna Barreto, Felipe Kubiaki"]
[Black "Bauza, Alejandro"]
[Result "1-0"]
[WhiteTitle "FM"]
[BlackTitle "FM"]
[WhiteElo "2276"]
[BlackElo "2119"]
[WhiteFideId "2119757"]
[BlackFideId "3000060"]
[EventDate "2025.05.23"]

1. Nf3 Nf6 2. d4 e6 3. Bg5 d5 4. Nbd2 Be7 5. e3 Nbd7 6. c3 Ne4 7. Bxe7 Qxe7 8.
Nxe4 dxe4 9. Nd2 f5 10. Bc4 O-O 11. O-O Kh8 12. f3 exf3 13. Qxf3 e5 14. Qg3 Qd6
15. Nf3 f4 16. exf4 exf4 17. Qh4 h6 18. Rae1 Nb6 19. Bb3 Bd7 20. Ne5 g5 21. Qh5
Kg7 22. h4 Be8 23. Qg4 Qf6 24. Nf3 Bd7 25. hxg5 Bxg4 26. gxf6+ Kxf6 27. Ne5 Kg5
28. Nxg4 Kxg4 29. Re5 f3 30. Kh2 Rae8 31. Be6+ 1-0

[Event "18th American Continental"]
[Site "Foz do Iguacu BRA"]
[Date "2025.05.24"]
[Round "3.35"]
[White "Do Valle Cardoso, Lucas"]
[Black "Azevedo Junior, Jose Ferreira"]
[Result "1-0"]
[WhiteTitle "IM"]
[WhiteElo "2411"]
[BlackElo "2102"]
[WhiteFideId "2163144"]
[BlackFideId "2127326"]
[EventDate "2025.05.23"]

1. Nf3 Nf6 2. c4 g6 3. Nc3 Bg7 4. e4 d6 5. d4 O-O 6. h3 e5 7. d5 Nh5 8. g3 f5 9.
exf5 gxf5 10. Ng5 Nf6 11. Bg2 Qe7 12. O-O h6 13. Nf3 Nbd7 14. Nh4 Rf7 15. Nxf5
Qf8 16. Be3 Nh7 17. Nxg7 Qxg7 18. Kh2 Ndf6 19. f4 Bd7 20. fxe5 dxe5 21. Qe2 a6
22. Rae1 Re8 23. Ne4 Qg6 24. Bd2 Bf5 25. Nxf6+ Nxf6 26. Rf3 e4 27. Rb3 h5 28.
Qe3 b5 29. cxb5 Nxd5 30. Qc5 Rd7 31. bxa6 Qxa6 32. Ra3 Qf6 33. Rd3 c6 34. Rd4
Rde7 35. Bc3 Qg6 36. Rc4 Re6 37. Rd4 Kh7 38. Ra4 R6e7 39. Ra7 Rxa7 40. Qxa7+ Re7
41. Qd4 Re8 42. Rf1 Rg8 43. Qe5 Ne3 44. Rxf5 Qxf5 45. Bxe4 Nf1+ 46. Kg2 Rxg3+
47. Qxg3 Nxg3 48. Bxf5+ Nxf5 49. Kf3 Kg6 50. Ke4 Nd6+ 51. Ke5 Nf7+ 52. Kd4 Ng5
53. a4 1-0

[Event "18th American Continental"]
[Site "Foz do Iguacu BRA"]
[Date "2025.05.24"]
[Round "3.36"]
[White "Proudian, Armen"]
[Black "Prata, Paulo Roberto Santos"]
[Result "1-0"]
[WhiteTitle "FM"]
[WhiteElo "2410"]
[BlackElo "2091"]
[WhiteFideId "2130734"]
[BlackFideId "2185806"]
[EventDate "2025.05.23"]

1. e4 c5 2. Nf3 Nc6 3. d4 cxd4 4. Nxd4 a6 5. Nc3 g6 6. Be3 Nf6 7. Nxc6 dxc6 8.
Qxd8+ Kxd8 9. O-O-O+ Ke8 10. f4 b5 11. e5 Nd7 12. f5 Bb7 13. Bd3 e6 14. Be4 Bc5
15. Bxc5 Nxc5 16. b4 Na4 17. Nxa4 bxa4 18. Rd6 Ke7 19. Rhd1 Rhd8 20. Rxd8 Rxd8
21. Rxd8 Kxd8 22. Kb2 Kc7 23. Ka3 Kb8 24. c4 Bc8 25. c5 Kb7 26. Kxa4 Bd7 27. Ka5
Bc8 28. h4 h5 29. g3 Kc7 30. Bd3 Bd7 31. Kxa6 Bc8+ 32. Ka7 Bd7 33. a4 1-0

[Event "18th American Continental"]
[Site "Foz do Iguacu BRA"]
[Date "2025.05.24"]
[Round "3.37"]
[White "Ynojosa Aponte, Felix Jose"]
[Black "Acosta, Franco Emanuel"]
[Result "0-1"]
[WhiteTitle "IM"]
[WhiteElo "2392"]
[BlackElo "2075"]
[WhiteFideId "3900258"]
[BlackFideId "130265"]
[EventDate "2025.05.23"]

1. c4 e6 2. Nf3 d5 3. e3 Nf6 4. a3 c5 5. cxd5 Nxd5 6. b3 Be7 7. Bb2 O-O 8. Qc2
Nc6 9. d3 Qd7 10. Nbd2 b6 11. Rc1 Bb7 12. Be2 Rac8 13. O-O Bf6 14. Rfe1 Rfd8 15.
Bf1 Qc7 16. Ne4 Bxb2 17. Qxb2 h6 18. h3 Nf6 19. Ng3 Rd7 20. Rc3 Rcd8 21. Rec1
Qd6 22. R3c2 e5 23. Ne4 Qe7 24. Nxf6+ Qxf6 25. b4 cxb4 26. axb4 Re7 27. Nd2 Qd6
28. Rc4 Nb8 29. Ne4 Qe6 30. b5 Nd7 31. Rc6 Bxc6 32. Rxc6 Qf5 33. g4 Qh7 34. Rc7
Qg6 35. Qa3 Re6 36. Qxa7 Nf6 37. Bg2 Nd5 38. Rc4 Re7 39. Qa1 Qe6 40. Ng3 Red7
41. Nf5 Ne7 42. Be4 Nxf5 43. Bxf5 Qxc4 44. dxc4 Rd1+ 45. Qxd1 Rxd1+ 46. Kg2 Rc1
47. Bd3 Rc3 48. Bf1 e4 49. Kg3 g5 50. Be2 Kf8 51. f3 Ke7 52. Kf2 Kd6 53. fxe4 f6
54. Kf3 Ke5 55. Bf1 Rc1 56. Be2 Rc2 57. Bf1 Kd6 58. Bd3 Rd2 59. Bf1 Kc5 60. e5
fxe5 61. Ke4 Kd6 62. Kf3 Rh2 63. Ke4 Rf2 64. Bd3 Rd2 65. Bf1 Rd1 66. Bd3 Rh1 67.
Be2 Rxh3 68. Bd1 Rg3 69. Bf3 Kc5 70. Be2 Rg2 71. Bd1 Rd2 72. Bf3 Kxc4 73. Kxe5
Kxb5 74. Be4 Kc5 75. Bh7 Rd7 76. Bg6 Re7+ 77. Kf6 Rxe3 78. Kg7 Rh3 79. Bh5 Rxh5
80. gxh5 g4 81. Kxh6 g3 82. Kh7 g2 83. h6 g1=Q 0-1

[Event "18th American Continental"]
[Site "Foz do Iguacu BRA"]
[Date "2025.05.24"]
[Round "3.38"]
[White "Carcamo, Matias"]
[Black "Diaz Rosas, Julio Cesar"]
[Result "0-1"]
[BlackTitle "FM"]
[WhiteElo "2077"]
[BlackElo "2373"]
[WhiteFideId "115541"]
[BlackFideId "5105099"]
[EventDate "2025.05.23"]

1. e4 c5 2. Nc3 Nc6 3. g3 g6 4. Bg2 Bg7 5. d3 e6 6. f4 Nge7 7. Nf3 O-O 8. O-O
Rb8 9. Be3 d6 10. Rb1 b5 11. Ne2 b4 12. d4 Qa5 13. dxc5 dxc5 14. Nc1 Rd8 15. Qe1
c4 16. Nd2 Nd4 17. Nxc4 Qc7 18. Bxd4 Bxd4+ 19. Ne3 Ba6 20. Rf3 Qxc2 21. Nb3 Qxe4
22. Nxd4 Qxd4 23. Rf2 Nf5 24. Ng4 Rbc8 25. Qe5 Qxe5 26. Nxe5 Bb5 27. a4 Bxa4 28.
Bf1 Rc7 29. b3 Be8 30. Ra2 Nd4 31. Bc4 Bb5 32. Rba1 Bxc4 33. bxc4 b3 0-1

[Event "18th American Continental"]
[Site "Foz do Iguacu BRA"]
[Date "2025.05.24"]
[Round "3.39"]
[White "Guimaraes, Marcelo Cunha"]
[Black "Silva, Caio Henrique Angelico"]
[Result "0-1"]
[WhiteElo "2064"]
[BlackElo "2261"]
[WhiteFideId "2118068"]
[BlackFideId "22777210"]
[EventDate "2025.05.23"]

1. e4 c6 2. d4 d5 3. e5 c5 4. Nf3 cxd4 5. Nxd4 Nc6 6. c4 e6 7. Nc3 Bb4 8. Nxc6
bxc6 9. Qa4 Bxc3+ 10. bxc3 Ne7 11. Ba3 O-O 12. Be2 Re8 13. O-O a5 14. cxd5 Nxd5
15. Qd4 Ba6 16. Bxa6 Rxa6 17. Rab1 Qg5 18. f4 Qf5 19. Rb7 h5 20. Rf2 Raa8 21.
Bd6 c5 22. Bxc5 Rab8 23. Rb3 Rxb3 24. axb3 Qb1+ 25. Rf1 Qxb3 26. c4 Nc3 27. Qd7
Ra8 28. Qc6 Rd8 29. Be7 Rd1 30. Qa8+ Kh7 31. Qf3 Rxf1+ 32. Qxf1 Ne4 33. g3 Qe3+
34. Kg2 Nd2 0-1